LEADER 00920nam a2200229 4500 001 000000362077 003 CaOOAMICUS 005 20250311090725.0 008 250311s2014 it 000 u ita r 020 $a978-88-16-41229-3 040 $aSeMil$bita 100 1 $aDerrida, Jacques,$d<1930-2004>.$0(OLS)http://semarc/name/3649 245 10$a1: (1999-2000) /$cJacques Derrida. 264 1$aMilano :$bJaca Book,$c2014. 300 $a348 p. ;$c24 cm 773 0 $aDerrida, Jacques <1930-2004>$tPena di morte.$dMilano : Jaca Book, 2014-2016.$kFilosofia$g1$w()334012 850 $aSeMil 852 $aSeMil$W1$xVenegono$y1$m2P V 631$j255098$B253014$CSeMilBibl$Z2$F253014 $81 996 $6020$a978-88-16-41229-3$9(OLS)http://semarc/number/302718 996 $6245$a1: (1999-2000)$9(OLS)http://semarc/title/452928 996 $6264$aMilano :$bJaca Book$9(OLS)http://semarc/publisher/29781 LEADER 01002nam a2200253 i 4500 001 000000086686 003 CaOOAMICUS 005 20170411000000.0 008 170411s1994 xx u000 u und u 013 $a58926 020 $a3-466-36408-6 040 $aSeMil$bita 100 1 $aHofmeier, Johann.$0(OLS)http://semarc/name/31009 245 10$aFachdidaktik katholische Religion /$cJohann Hofmeier. 260 $aKempten ; München :$bKösel,$c1994. 300 $a272 p. ;$c21 cm. 650 4$aReligione - Insegnamento.$0(OLS)http://semarc/subject/3342 650 4$aOra di religione.$0(OLS)http://semarc/subject/45717 850 $aSeMil 852 $aSeMil$W1$xVenegono$y1$m2Q III 519$j50330$B50330$CSeMilBibl$Z2$F54285 $81 961 $aOmaggio: Lorenzi don Ugo 996 $6020$a3-466-36408-6$9(OLS)http://semarc/number/271824 996 $6245$aFachdidaktik katholische Religion$9(OLS)http://semarc/title/405870 996 $6260$aKempten ; München :$bKösel$9(OLS)http://semarc/publisher/32528